LDR 00691naa#a2200181#i#450# 001 RU\\bibl\126770 005 20260702040707.4 011 ## _a1681-1208 100 ## _a20260701b2026####ek#y0rusy0150####ca 101 0# _aENG 102 ## _aRU 200 1# _aPreface to the Special Issue “Kamchatka Earthquake M 8.8 on July 29, 2025” _eЖурнальная статья 210 1# _aМосква _cГеофизический центр Российской Академии Наук _d2026 215 ## _a0 с. 608 ## _aЖурнальная статья _2local 700 #1 _aГвишиани _gАлексей Джерменович 700 #1 _aГлико _gАлександр Олегович 856 4# _arjes.ru _u